The Disneyization of society (Record no. 74011)
[ view plain ]
| 000 -LEADER | |
|---|---|
| fixed length control field | 01523nam a2200361Ia 4500 |
| 082 04 - DEWEY DECIMAL CLASSIFICATION NUMBER | |
| Classification number | 306.3 |
| 100 1# - MAIN ENTRY--AUTHOR NAME | |
| Personal name | Bryman, Alan. |
| 245 14 - TITLE STATEMENT | |
| Title | The Disneyization of society |
| 260 ## - PUBLICATION, DISTRIBUTION, ETC. (IMPRINT) | |
| Place of publication | London ; |
| -- | Thousand Oaks, Calif. : |
| Name of publisher | SAGE, |
| Year of publication | 2004. |
| 300 ## - PHYSICAL DESCRIPTION | |
| Number of Pages | viii, 199 p. : |
| Other physical details | ill. |
| 505 0# - FORMATTED CONTENTS NOTE | |
| Formatted contents note | Disneyization -- Theming -- Hybrid consumption -- Merchandising -- Performative labour -- Control and surveillance -- Implications of Disneyization. |
| 650 #0 - SUBJECT ADDED ENTRY--TOPICAL TERM | |
| Topical Term | Amusement parks |
| Topical Term | Consumption (Economics) |
| Topical Term | Globalization. |
| 856 40 - ELECTRONIC LOCATION AND ACCESS | |
| Uniform Resource Identifier | http://site.ebrary.com/lib/rucke/Doc?id=10076774 |
No items available.
